000 00869 a2200193 4500
001 31240
005 20260407155618.0
008 260407a1968 arg spa d
003 AR-UNSa-BCEJYS
040 _aAR-UNSa-BCEJYS
_bspa
_cAR-UNSa-BCEJYS
080 _a658:631.1
_xAdministración de empresas agropecuarias(maquinarias, etc.)
245 1 0 _aExplotaciones ganaderas y agricolas
_porganización administrativa contable
264 1 _aBuenos Aires :
_bSelección Contable
_c1968
300 _a151p.
_c23 cm.
505 _a1. Organización administrativa - 2. Clases de establecimientos - 3. Negociaciones - 4. Contabilidad - 5. Balance de cierre - 6. Memoria descriptiva y rendición de cuentas - 7. Vocabulario y frases de uso corriente en las explotaciones agropecuarias
942 _cBK
590 _aniveau_biblio:m niveau_hierar:0
100 1 _aDel Valle, Cecilio
999 _c2165
_d2165